000 00572nam a2200193Ia 4500
003 IN-BaIIA
008 211028s9999 xx 000 0 eng d
040 _cIIA Library
080 _a083.7:621.882.082.8
_bISI
110 _aIndian Standards Institution
245 0 _aIndian standard basic dimensions for square threads
_cIndian Standards Institution
260 _aNew Delhi
_bIndian Standards Institution
_c1968
300 _a14p.
500 _aIS 4694 : 1968
650 _aNASA Thesaurus
650 _aSquare Threads
_99348
650 _aStandards
_98876
942 _cBK
999 _c5363
_d5363